000 01255nam a2200205Ia 4500
003 Ost
005 20260507075119.0
008 260507s9999||||xx |||||||||||||| ||und||
040 _cfsecg
041 _aara
082 _a330
100 _aنور، أحمد
_eمؤلف
245 0 _aمبادئ محاسبة التكاليف الصناعية /
_c أحمد نور
260 _aالإسكندرية:
_bالدار الجامعية,
_c1999
300 _a416 صفحة؛
_bإيضاحات ؛
_c24 سم
520 _aمبادئ ومصطلحات والإجراءات الرئيسية للتكاليف- مدخل لمحاسبة التكاليف- المصطلحات الرئيسية للتكاليف- تصميم وتنظيم الحسابات وسجلات التكاليف في المنشآت الصناعية- نظم التكاليف ودورة التسجيل بيانات التكاليف- ضبط ورقابة عناصر التكاليف- مفهوم الرقابة وأهدافها- الرقابة على المواد- المحاسبة على تكلفة العمل- الأعباء الصناعية غير المباشرة وتحميلها على الإنتاج
653 _aالتكاليف الصناعية
653 _aالمحاسبة
942 _cكتاب
999 _c43058
_d43058